000 02264nam a2200445 a 4500
001 00003859
003 DO-SdBNP
005 20180309132029.0
007 00003859
008 091125s2012 dr a 000 0 spa d
020 _a9789945117455
040 _aBPMSU
_bspa
_cBPMSU
082 0 4 _a372.63
_bJ61o 8vo. 2012
100 1 _aJiménez Malena, Martha Ariza
245 1 0 _aOrtografía 8 :
_beducación básica /
_cMartha Ariza Jiménez Malena ; editora María Isabel Incháustegui ; dirección editorial Obdulia García de Escobar ; ilustración Ruddy Núñez.
246 _a
260 _aSanto Domingo :
_bSantillana,
_c2012.
300 _a56 p. :
_bil. ;
_c28 cm.
490 1 _aInnova
505 0 _gUnidad 1 --
_tCasos especiales de acentuación --
_gUnidad 2 --
_tUsos de la "b" y la "v"
_gUnidad 3 --
_tUsos de la "s" y la "z"
_gUnidad 4 --
_tUsos de la "j" y la "g" --
_gUnidad 5 --
_tUsos de la "h" --
_gUnidad 6 --
_tAsterisco, diéresis y puntos suspensivos --
_gUidad 7 --
_tParéntesis, raya y barra --
_gUnidad 8 --
_tEstructuración de ideas --
_gUnidad 9 --
_tTextos orales y textos escritos --
_gUnidad 10 --
_tIdeas principales --
_gUnidad 11 --
_tIdeas secundarias --
_gUnidad 12 --
_tMarcadores textuales --
_gUnidad 13 --
_tEl párrafo --
_gUnidad 14 --
_tOrganización y coherencia del texto --
650 4 _aESPAÑOL
_xORTOGRAFÍA
_xENSEÑANZA BÁSICA
650 4 _aESPAÑOL
_xORTOGRAFÍA
_xEDUCACIÓN PRIMARIA
650 4 _aESPAÑOL
_xORTOGRAFÍA
_xLIBROS DE TEXTOS
650 4 _xEDUCACIÓN PRIMARIA
_zREPÚBLICA DOMINICANA
650 4 _aESPAÑOL
_xORTOGRAFÍA
_xESTUDIOS Y EJERCICIOS
700 1 _aNúñez, Ruddy
_eil.
700 1 _aGarcía de Escobar, Obdulia,
_eed.
700 1 _aIncháustegui, María Isabel,
_eed.
830 0 _aInnova
910 _aValidado. Control de calidad MFF
930 1 _lBND01
_mLF1
_820091130
_f01
_pHD
_g8732
930 1 _lBND01
_mLF1
_820091130
_f01
_pHD
_g8732
_hv. 2
930 1 _lBND01
_mLF1
_820091130
_f04
_pHD
_g8733
_hv. 3
930 1 _lBND01
_mLF1
_820091204
_f01
_pHD
_g8733
_hv. 4
930 1 _lBND01
_mLF1
_820091204
_f01
_pHD
_g8733
_hv. 5
930 1 _lBND01
_mLF1
_820091204
_f04
_pHD
_g8733
_hv. 6
942 _2ddc
_cBK
945 _aRemanejado para la Bib. BNPHU, 2018/ YL
956 _aLOPEREZ
_b10
_c20160413
_lBPMSU
_h00041
999 _c9740
_d9740